000 00937cam a22003017a 4500
003 CHAP
005 20220329133922.0
008 971013s1946 r 00010 d
010 _a12682
011 _a13654
035 _a17726
040 _cCHAP
082 _a330.15
_bH3
100 0 0 _aHayek, Friedrich A.
_953175
245 1 3 _aLa teoría pura del capital
260 _aMadrid :
_bAguilar,
_c1946
300 _a444 p.
490 0 _aBiblioteca de ciencias económicas, políticas y sociales
590 _aBATCH-UPD
_b10
_c20130110
_lUCH01
_h2110
590 _aBATCH-UPD
_b10
_c20130410
_lUCH01
_h1421
590 _aBATCH-UPD
_b10
_c20130914
_lUCH01
_h0843
590 _aCONVERSION
_b10
_c20130109
_lUCH01
_h1308
650 1 4 _aCapitalismo.
_918711
830 0 _aBiblioteca de ciencias económicas, políticas y sociales
_912276
901 _aBK
942 _cLIBRO
949 _a330.15 H3
_bBC
_cLIBRO
_d33724000315206
_eLIBRO
_i17726
_mD
_si
999 _c12682
_d12682